000 00709nam a2200265Ia 4500
005 20260302114310.0
008 008 260114s9999 xx 000 0 eng d
020 _a9781350083516
037 _aTextbook
040 _aCRL
040 _beng
040 _cCRL
041 _2eng
041 _aeng
084 _qCRL
100 _aCarly Osborn
_91118361
245 0 _aTragic Novels, René Girard and the American Dream Sacrifice in Suburbia
260 _bBloomsbury
260 _bBloomsbury Academic
260 _c2020
650 _aPhilosophy
856 _uhttps://dx.doi.org/10.5040/9781350083516?locatt=label:secondary_bloomsburyCollections
942 _cEBOOK
999 _c1682049
_d1682049